000 00431nam a22001457a 4500
005 20180730102015.0
020 _a817487416X
_c650.00
035 _aB-220719, B-220718
037 _aDPL
_bENG
100 _aSingh, Nishant
245 _aChild Psychology : Growth and development /
_cby Nishant Singh
260 _aNew Delhi
_bRadha Publications
_c2005
300 _av, 316p.
_c20 cms.
942 _2ddc
_cEN
_h155.4
_mNIS
999 _c63973
_d63973